[Event "Basel Special op"]
[Site "Basel"]
[Date "2021.07.19"]
[Round "5"]
[White "Baisynov, Islam"]
[Black "Lohvinov, Petro"]
[Result "0-1"]
[WhiteElo "1916"]
[BlackElo "2082"]
[PlyCount "94"]
[EventDate "2021.07.17"]
[EventType "swiss"]
[EventRounds "6"]
[EventCountry "SUI"]
[SourceTitle "CBM 203 Extra"]
[Source "ChessBase"]
[SourceDate "2021.09.30"]
[SourceVersion "1"]
[SourceVersionDate "2021.09.30"]
[SourceQuality "1"]

1. e4 e5 2. Nf3 Nc6 3. Bc4 Nf6 4. Ng5 d5 5. exd5 Na5 6. Bb5+ c6 7. dxc6 bxc6 8. Bd3 Ng4 9. Nf3 Bc5 10. 0-0 f5 11. h3 Nxf2 12. Rxf2 Bxf2+ 13. Kxf2 e4 14. Qe2 0-0 15. Bc4+ Kh8 16. Bb3 exf3 17. Qxf3 Qd4+ 18. Kf1 Bb7 19. d3 c5 20. Qf2 Qe5 21. Nc3 f4 22. Bd2 f3 23. g3 Nxb3 24. axb3 Qh5 25. h4 Qf5 26. Kg1 Qh3 27. Ne4 Bxe4 28. dxe4 Rae8 29. Re1 Re6 30. Re3 Ra6 31. e5 Qg4 32. Kh2 h6 33. Bc3 Kh7 34. Re1 Rg6 35. Rf1 Qe4 36. Re1 Qd5 37. Re3 Ra6 38. Re1 g5 39. Bd2 gxh4 40. Bf4 hxg3+ 41. Bxg3 Rg6 42. Re3 h5 43. c3 Qc6 44. Kg1 h4 45. Qh2 Rxg3+ 46. Kf1 Qh6 47. Qc2+ Qg6 0-1

[Event "Budha Bhandari Memorial"]
[Site "Budhanilkantha"]
[Date "2019.11.13"]
[Round "8"]
[White "Baisynov, Islam"]
[Black "Ishak, Mohd Hafizul"]
[Result "1-0"]
[WhiteElo "1973"]
[BlackElo "1749"]
[PlyCount "61"]
[EventDate "2019.11.09"]
[EventType "swiss"]
[EventRounds "9"]
[EventCountry "NEP"]
[SourceTitle "CBM 193 Extra"]
[Source "ChessBase"]
[SourceDate "2020.01.31"]
[SourceVersion "1"]
[SourceVersionDate "2020.01.31"]
[SourceQuality "1"]

1. e4 e5 2. Nf3 Nc6 3. Bc4 Bc5 4. c3 d6 5. d3 Nf6 6. Bg5 h6 7. Bh4 0-0 8. Nbd2 a6 9. h3 Bb6 10. g4 Be6 11. g5 hxg5 12. Bxg5 Bxc4 13. Nxc4 Re8 14. Rg1 Kf8 15. Nh4 d5 16. Nxb6 cxb6 17. Qf3 dxe4 18. dxe4 Re6 19. Nf5 g6 20. Nh6 Qd6 21. Rd1 Nd4 22. cxd4 exd4 23. Bxf6 Rxf6 24. Qd3 Re8 25. Kf1 Qf4 26. Ng4 Rd6 27. e5 Rdd8 28. Rg3 Re6 29. Rf3 Qg5 30. Qc4 b5 31. Qxe6 1-0

[Event "Budha Bhandari Memorial"]
[Site "Budhanilkantha"]
[Date "2019.11.10"]
[Round "3"]
[White "Shubham, Shukla"]
[Black "Baisynov, Islam"]
[Result "1/2-1/2"]
[WhiteElo "1878"]
[BlackElo "1973"]
[PlyCount "37"]
[EventDate "2019.11.09"]
[EventType "swiss"]
[EventRounds "9"]
[EventCountry "NEP"]
[SourceTitle "CBM 193 Extra"]
[Source "ChessBase"]
[SourceDate "2020.01.31"]
[SourceVersion "1"]
[SourceVersionDate "2020.01.31"]
[SourceQuality "1"]

1. e4 e5 2. Nf3 Nc6 3. Bc4 Nf6 4. Ng5 d5 5. exd5 Na5 6. Bb5+ c6 7. dxc6 bxc6 8. Ba4 h6 9. Nf3 e4 10. Qe2 Be7 11. Ne5 Qd5 12. f4 exf3 13. Nxf3 0-0 14. Nc3 Qd8 15. 0-0 Bc5+ 16. d4 Bd6 17. Ne5 Qb6 18. Be3 Ba6 19. Nd3 1/2-1/2

[Event "KGZ-ch FL"]
[Site "Bishkek"]
[Date "2019.03.03"]
[Round "1"]
[White "Baisynov, Islam"]
[Black "Omurzakov, Sabyrbek"]
[Result "1-0"]
[WhiteElo "1978"]
[BlackElo "1399"]
[PlyCount "57"]
[EventDate "2019.03.03"]
[EventType "swiss"]
[EventRounds "9"]
[EventCountry "KGZ"]
[SourceTitle "EXT 2021"]
[Source "ChessBase"]
[SourceDate "2020.10.23"]
[SourceVersion "1"]
[SourceVersionDate "2020.10.23"]
[SourceQuality "1"]

1. e4 e5 2. Nf3 Nc6 3. Bc4 Bc5 4. 0-0 Nf6 5. d4 exd4 6. c3 0-0 7. cxd4 Bb6 8. e5 d5 9. exf6 dxc4 10. fxg7 Re8 11. d5 Ne5 12. Nxe5 Rxe5 13. Nc3 Ba5 14. Bd2 Bxc3 15. Bxc3 Rxd5 16. Qe2 Be6 17. Qxc4 c6 18. Qb4 Rg5 19. f4 Rb5 20. Qa3 Qb6+ 21. Kh1 Bd5 22. Rae1 Qd8 23. Qe7 Bxa2 24. Rf3 Qxe7 25. Rxe7 Rd8 26. h3 Rf5 27. Kh2 b5 28. g4 Rc5 29. Bf6 1-0

[Event "World Amateur-ch U2000"]
[Site "Cagliari"]
[Date "2018.04.26"]
[Round "6"]
[White "Baisynov, Islam"]
[Black "Wlogalski, Olivier"]
[Result "1-0"]
[WhiteElo "1945"]
[BlackElo "1888"]
[PlyCount "129"]
[EventDate "2018.04.22"]
[EventType "swiss"]
[EventRounds "9"]
[EventCountry "ITA"]
[SourceTitle "CBM 184 Extra"]
[Source "ChessBase"]
[SourceDate "2018.06.28"]
[SourceVersion "1"]
[SourceVersionDate "2018.06.28"]
[SourceQuality "1"]

1. e4 d5 2. exd5 Qxd5 3. Nc3 Qa5 4. Nf3 Nf6 5. d4 Bf5 6. Bd3 Nc6 7. 0-0 Bxd3 8. Qxd3 0-0-0 9. a3 Qh5 10. Bf4 e6 11. b4 Bd6 12. Bxd6 Rxd6 13. Ne2 Rhd8 14. b5 Ne7 15. c4 Ng6 16. c5 Rd5 17. Qc4 Nh4 18. Nxh4 Qxh4 19. g3 Qh6 20. Kg2 g5 21. h3 g4 22. h4 Ne4 23. Rad1 Qg7 24. Rd3 e5 25. Rfd1 Qf6 26. f3 gxf3+ 27. Rxf3 Qg6 28. Qa4 Kb8 29. c6 Nd6 30. dxe5 Nxb5 31. Qxb5 Qxc6 32. Qxc6 bxc6 33. Rxd5 Rxd5 34. Re3 Kb7 35. Kf3 Kb6 36. Ke4 Rd7 37. Rd3 Re7 38. Kf5 c5 39. Nc3 Kc6 40. g4 Re6 41. g5 h6 42. Rd8 hxg5 43. hxg5 c4 44. Ra8 Kc5 45. Rxa7 Rc6 46. Ke4 Kb6 47. Ra8 Rg6 48. Kf5 Kc5 49. Rd8 Ra6 50. Rd5+ Kc6 51. a4 Rb6 52. Rb5 Ra6 53. Kf6 Rxa4 54. Nxa4 Kxb5 55. Nc3+ Kb4 56. Ne4 c3 57. Nxc3 Kxc3 58. Kxf7 c5 59. e6 Kb2 60. e7 c4 61. e8Q c3 62. Qb5+ Ka1 63. Qa4+ Kb2 64. Qb4+ Kc2 65. g6 1-0

[Event "World Amateur-ch U2000"]
[Site "Cagliari"]
[Date "2018.04.24"]
[Round "4"]
[White "Serra, Emanuele"]
[Black "Baisynov, Islam"]
[Result "0-1"]
[WhiteElo "1844"]
[BlackElo "1945"]
[PlyCount "124"]
[EventDate "2018.04.22"]
[EventType "swiss"]
[EventRounds "9"]
[EventCountry "ITA"]
[SourceTitle "CBM 184 Extra"]
[Source "ChessBase"]
[SourceDate "2018.06.28"]
[SourceVersion "1"]
[SourceVersionDate "2018.06.28"]
[SourceQuality "1"]

1. c4 Nf6 2. Nc3 e6 3. g3 c6 4. Bg2 d5 5. cxd5 exd5 6. d3 Bd6 7. Nf3 0-0 8. 0-0 h6 9. b3 Re8 10. Bb2 Nbd7 11. Rc1 Nf8 12. a3 a5 13. Re1 Bg4 14. Qc2 Ne6 15. Nb1 Qe7 16. e4 dxe4 17. dxe4 Bxf3 18. Bxf3 Bc5 19. e5 Nd5 20. Red1 Rad8 21. Bg4 Bb6 22. Nc3 Nd4 23. Nxd5 Rxd5 24. Qc4 Red8 25. e6 Nxe6 26. Rxd5 Rxd5 27. Re1 Rd2 28. Re2 Rxe2 29. Qxe2 Qd6 30. Bf5 g6 31. Bg4 h5 32. Bh3 f5 33. Bf1 Kf7 34. Qe1 Nd4 35. Bc4+ Kf8 36. Qe3 Qf6 37. a4 Nf3+ 38. Kg2 Bxe3 39. Bxf6 Bd4 40. Bd8 Ne5 41. Be6 b6 42. f4 Nd3 43. Bc4 Nb2 44. Be2 Ke8 45. Bc7 Kd7 46. Be5 Bxe5 47. fxe5 Ke6 48. Kf3 Kxe5 49. Ke3 Kd5 50. Kd2 Ke4 51. Kc2 Ke3 52. Ba6 Nxa4 53. bxa4 Kf2 54. Bb7 Kg2 55. Bxc6+ Kxh2 56. Be8 g5 57. Bxh5 Kxg3 58. Kd1 Kf2 59. Bg6 f4 60. Bh5 f3 61. Kd2 Kg2 62. Bg6 f2 0-1

[Event "World Amateur-ch U2000"]
[Site "Cagliari"]
[Date "2018.04.23"]
[Round "2"]
[White "Johnson, Frank Arthur Jr"]
[Black "Baisynov, Islam"]
[Result "0-1"]
[WhiteElo "1781"]
[BlackElo "1945"]
[PlyCount "104"]
[EventDate "2018.04.22"]
[EventType "swiss"]
[EventRounds "9"]
[EventCountry "ITA"]
[SourceTitle "CBM 184 Extra"]
[Source "ChessBase"]
[SourceDate "2018.06.28"]
[SourceVersion "1"]
[SourceVersionDate "2018.06.28"]
[SourceQuality "1"]

1. e4 e5 2. Nf3 Nc6 3. Bb5 Nf6 4. 0-0 Nxe4 5. Re1 Nd6 6. Nxe5 Be7 7. Nc3 0-0 8. Ba4 Nxe5 9. Rxe5 Bf6 10. Rh5 g6 11. Rh3 Nf5 12. Ne4 Bg7 13. d3 d5 14. Ng5 h6 15. Nf3 Nd6 16. Rxh6 b5 17. Bg5 f6 18. Rxg6 fxg5 19. Nxg5 Bf5 20. Qh5 Bxg6 21. Qxg6 Rf6 22. Qh7+ Kf8 23. Bb3 Nf7 24. Nxf7 Rxf7 25. Qh5 Qf6 26. Rf1 Qf5 27. Qh4 a5 28. c3 Re8 29. a4 c6 30. axb5 cxb5 31. Bd1 Qxd3 32. Bh5 Qe4 33. Qh3 Qf5 34. Qxf5 Rxf5 35. Bxe8 Kxe8 36. f4 b4 37. g4 bxc3 38. bxc3 Rf7 39. f5 Bxc3 40. g5 a4 41. g6 Rg7 42. h4 a3 43. h5 a2 44. h6 Ra7 45. g7 Kf7 46. f6 Kg8 47. f7+ Rxf7 48. h7+ Kxg7 49. h8Q+ Kxh8 50. Rxf7 a1Q+ 51. Kg2 Qa2+ 52. Rf2 Qc4 0-1

[Event "World Amateur-ch U2000"]
[Site "Cagliari"]
[Date "2018.04.22"]
[Round "1"]
[White "Baisynov, Islam"]
[Black "Onnis, Luca"]
[Result "1/2-1/2"]
[WhiteElo "1945"]
[BlackElo "1790"]
[PlyCount "92"]
[EventDate "2018.04.22"]
[EventType "swiss"]
[EventRounds "9"]
[EventCountry "ITA"]
[SourceTitle "CBM 184 Extra"]
[Source "ChessBase"]
[SourceDate "2018.06.28"]
[SourceVersion "1"]
[SourceVersionDate "2018.06.28"]
[SourceQuality "1"]

1. e4 e5 2. Nf3 Nc6 3. Bc4 Bc5 4. 0-0 Nf6 5. d3 d6 6. c3 Bg4 7. Be3 Bb6 8. a4 0-0 9. Nbd2 d5 10. exd5 Nxd5 11. Qe2 Kh8 12. Bxd5 Qxd5 13. c4 Qd7 14. c5 Ba5 15. Nc4 Rae8 16. Nxa5 Nxa5 17. h3 Bh5 18. Ra3 Nc6 19. Re1 Qc8 20. g4 Nd4 21. Bxd4 exd4 22. Qf1 Rxe1 23. Nxe1 Bg6 24. Nf3 Qd7 25. b4 Qd5 26. Qe2 f6 27. Nh4 Bf7 28. Qe4 Re8 29. Qxd5 Bxd5 30. Kf1 g6 31. Ra1 Kg7 32. Re1 Rxe1+ 33. Kxe1 Kf7 34. Ke2 Ke6 35. f3 a5 36. bxa5 Bb3 37. Ng2 Bxa4 38. Kd2 Ke5 39. f4+ Kd5 40. g5 fxg5 41. fxg5 Kxc5 42. Nf4 Bd7 43. h4 Kb5 44. Nd5 c5 45. Nf6 Bf5 46. Ne8 Bd7 1/2-1/2

[Event "World Amateur-ch U2000"]
[Site "Spoleto"]
[Date "2017.04.06"]
[Round "7"]
[White "Soronzonbold, Lkhagvadorj"]
[Black "Baisynov, Islam"]
[Result "0-1"]
[WhiteElo "1947"]
[BlackElo "1930"]
[PlyCount "56"]
[EventDate "2017.04.01"]
[EventType "swiss"]
[EventRounds "9"]
[EventCountry "ITA"]
[SourceTitle "EXT 2024"]
[Source "ChessBase"]
[SourceDate "2023.10.10"]
[SourceVersion "1"]
[SourceVersionDate "2023.10.10"]
[SourceQuality "1"]

1. e4 e5 2. Nf3 Nc6 3. Bb5 Nf6 4. 0-0 d6 5. Re1 Be7 6. c3 0-0 7. h3 a6 8. Ba4 b5 9. Bc2 Bb7 10. d4 Re8 11. Nbd2 Bf8 12. Nf1 exd4 13. cxd4 Nb4 14. Bb3 Bxe4 15. Bxf7+ Kxf7 16. Qb3+ d5 17. Ne5+ Kg8 18. Ne3 Qd6 19. f4 Nc6 20. Qc3 Ne7 21. N3g4 Nxg4 22. hxg4 Ng6 23. Be3 Qb4 24. Qxc7 Nxe5 25. dxe5 Qxb2 26. Bf2 Rac8 27. Qd7 Bc5 28. Rxe4 Qxf2+ 0-1

[Event "World Amateur-ch U2000"]
[Site "Spoleto"]
[Date "2017.04.05"]
[Round "6"]
[White "Baisynov, Islam"]
[Black "Tsvetkov, Andrey"]
[Result "1-0"]
[WhiteElo "1930"]
[BlackElo "1998"]
[PlyCount "83"]
[EventDate "2017.04.01"]
[EventType "swiss"]
[EventRounds "9"]
[EventCountry "ITA"]
[SourceTitle "EXT 2024"]
[Source "ChessBase"]
[SourceDate "2023.10.10"]
[SourceVersion "1"]
[SourceVersionDate "2023.10.10"]
[SourceQuality "1"]

1. e4 c5 2. Nf3 d6 3. Nc3 Nf6 4. d4 cxd4 5. Nxd4 g6 6. Be2 Bg7 7. Be3 0-0 8. Qd2 Nc6 9. f3 d5 10. exd5 Nxd5 11. Nxd5 Qxd5 12. Nxc6 Qxc6 13. c3 Be6 14. 0-0 Rfd8 15. Qc1 Bc4 16. Bxc4 Qxc4 17. Rd1 b6 18. Qc2 e6 19. a4 Rd5 20. Rxd5 exd5 21. Qf2 Re8 22. Qd2 Bf8 23. b4 Bg7 24. Rc1 Rc8 25. Kh1 h5 26. h3 Kh7 27. a5 bxa5 28. bxa5 a6 29. Rd1 Qxc3 30. Qxc3 Rxc3 31. Bb6 Be5 32. Kg1 Rc4 33. Rxd5 Bg3 34. Kf1 Rc1+ 35. Ke2 Rc2+ 36. Kd3 Rxg2 37. Rd7 Kg8 38. Ra7 Rh2 39. Rxa6 Rxh3 40. Ra8+ Kh7 41. a6 Bf4 42. a7 1-0

[Event "Karakol Derbishev Memorial"]
[Site "Karakol"]
[Date "2017.??.??"]
[Round "2"]
[White "Maatkerimov, Nurbek"]
[Black "Baisynov, Islam"]
[Result "0-1"]
[WhiteElo "1502"]
[BlackElo "1958"]
[PlyCount "80"]
[EventDate "2017.08.16"]
[EventType "swiss"]
[EventRounds "9"]
[EventCountry "KGZ"]
[SourceTitle "CBM 180 Extra"]
[Source "ChessBase"]
[SourceDate "2017.10.06"]
[SourceVersion "1"]
[SourceVersionDate "2017.10.06"]
[SourceQuality "1"]

1. e4 e5 2. Nf3 Nc6 3. Bc4 Nf6 4. d3 Bc5 5. Nc3 d6 6. h3 Be6 7. Bb3 h6 8. Be3 Bxe3 9. fxe3 Nh5 10. g4 Nf6 11. Qe2 Qd7 12. Rg1 0-0-0 13. Nd5 Nh7 14. Ba4 Ng5 15. Rh1 Nxf3+ 16. Qxf3 Kb8 17. Nb4 Nd4 18. Bxd7 Nxf3+ 19. Ke2 Ng5 20. Bxe6 Nxe6 21. c4 a5 22. Nd5 c6 23. Nc3 f6 24. a3 Kc7 25. b4 h5 26. b5 Rh7 27. Rag1 Rdh8 28. Kf3 Ng5+ 29. Kg3 hxg4 30. h4 Nf3 31. Rf1 Rxh4 32. Rxh4 Rxh4 33. Nd1 Rh6 34. Nf2 Ng5 35. a4 Ne6 36. Nxg4 Rg6 37. Kh4 Nc5 38. d4 Nxe4 39. dxe5 dxe5 40. Rc1 f5 0-1

[Event "Bishkek Yurtaev Memorial"]
[Site "Bishkek"]
[Date "2013.07.12"]
[Round "6"]
[White "Kenenbaev, Aidar"]
[Black "Baisynov, Islam"]
[Result "1/2-1/2"]
[WhiteElo "1682"]
[BlackElo "2001"]
[PlyCount "92"]
[EventDate "2013.07.09"]
[EventType "tourn"]
[EventRounds "13"]
[EventCountry "KGZ"]
[SourceTitle "EXT 2015"]
[Source "ChessBase"]
[SourceDate "2014.11.20"]
[SourceVersion "1"]
[SourceVersionDate "2014.11.20"]
[SourceQuality "1"]

1. d4 d5 2. c4 c6 3. Nf3 dxc4 4. a4 Bf5 5. Na3 Na6 6. e3 e6 7. Bxc4 Nb4 8. 0-0 Nf6 9. b3 Bd6 10. Bb2 0-0 11. Rc1 Qe7 12. Be2 Na2 13. Ra1 Bxa3 14. Rxa2 Bxb2 15. Rxb2 Qa3 16. Qa1 Qb4 17. Qe1 Nd5 18. Qxb4 Nxb4 19. Rc1 Bg4 20. Ne5 Bxe2 21. Rxe2 Rfd8 22. Rd2 Rd5 23. Rc4 a5 24. Rc1 Rad8 25. Rcd1 c5 26. Nc4 cxd4 27. Rxd4 Rxd4 28. Rxd4 Rxd4 29. exd4 Nc6 30. f3 Kf8 31. Kf2 Ke7 32. Ke3 Kd7 33. g4 Kc7 34. Ke4 b6 35. Ne5 Nd8 36. f4 f6 37. Nd3 Kd6 38. f5 exf5+ 39. gxf5 g5 40. Nb2 Nf7 41. Nc4+ Kc6 42. Ne3 Nd6+ 43. Kf3 h5 44. Ke2 g4 45. Kd3 b5 46. Ke2 Nc8 1/2-1/2

[Event "Bishkek op"]
[Site "Bishkek"]
[Date "2013.07.03"]
[Round "2"]
[White "Baisynov, Islam"]
[Black "Beisheev, Kanat"]
[Result "0-1"]
[WhiteElo "2001"]
[BlackElo "1903"]
[PlyCount "98"]
[EventDate "2013.07.02"]
[EventType "swiss"]
[EventRounds "9"]
[EventCountry "KGZ"]
[SourceTitle "EXT 2015"]
[Source "ChessBase"]
[SourceDate "2014.11.20"]
[SourceVersion "1"]
[SourceVersionDate "2014.11.20"]
[SourceQuality "1"]

1. e4 a6 2. Nf3 d6 3. d4 Bg4 4. Bc4 Nf6 5. Nc3 b5 6. Bd3 c5 7. dxc5 dxc5 8. e5 Nfd7 9. h3 Bh5 10. g4 Bg6 11. Bxg6 hxg6 12. Qd5 Nb6 13. Qxc5 e6 14. Qd4 Nc6 15. Qxd8+ Rxd8 16. Bd2 Nc4 17. 0-0-0 N6xe5 18. Nxe5 Nxe5 19. Ne4 Nf3 20. Ng3 Bd6 21. Be3 f5 22. Ne2 e5 23. Bb6 Rd7 24. Ng3 e4 25. Ne2 Be5 26. Be3 Rxd1+ 27. Rxd1 Rxh3 28. gxf5 gxf5 29. b3 g5 30. c4 bxc4 31. bxc4 f4 32. Bb6 Rh6 33. c5 Rc6 34. Rd8+ Ke7 35. Ra8 Nd4 36. Nc3 Nb3+ 37. axb3 Bxc3 38. Rxa6 Ke6 39. Ra4 Kd5 40. b4 Bd4 41. b5 Re6 42. Ra2 Kc4 43. Ra4+ Kd3 44. Kd1 Bxf2 45. Bd8 Bxc5 46. b6 Rh6 47. Kc1 Bxb6 48. Bxg5 Rh1+ 49. Kb2 Be3 0-1